Sinopse do ensino medio - 1971.

Salvato in:
Dettagli Bibliografici
Ente Autore: Brasil, Ministerio da Educacao
Natura: Libro
Lingua:portoghese
Soggetti:
Tags: Aggiungi Tag
Nessun Tag, puoi essere il primo ad aggiungerne!!

MARC

LEADER 00000cam^a2200000uu^4500
001 000470639
005 20250521000000.0
008 050901s1972^^^^^^^^^^^^rd^r^^000^0^por^d
009 20260310124606.075
035 |a FCE 000013427 
035 |a FCE 002105 
037 |a Acervo ITESO - Biblioteca 
041 |a POR 
082 0 4 |a 379.9634  |b B257s 
110 |a Brasil,  |b Ministerio da Educacao 
245 1 0 |a Sinopse do ensino medio - 1971. 
264 |a Río de Janeiro :  |b Ministerio de Educacao,  |c 1972. 
300 |a 106 p. 
336 |a texto  |b txt  |2 rdacontenido 
337 |a sin mediación  |b n  |2 rdamedio 
338 |a volumen  |b nc  |2 rdasoporte 
649 |a XX 
650 |a Educación media 
650 |a Brasil 
910 |a Fondo Centro de Estudios Educativos 
920 |a Impresos - Libros 
930 |a Fondos Especiales 
905 |a 133 
901 |a ALE002105  |b IT2  |c CEE  |u 20250521 
902 |a https://opac.biblio.iteso.mx/vufind/Record/000470639